00486nam a22001577a 450000500170000001000150001702000310003203500140006303700130007708200130009010000180010324500390012126000390016027000630019930000660026220210202163919.0 aENG-128920 c400.00 a978-93-84295-83-7 aEN-112452 bDBAD/PUB a530.2462 aMariappan, R. aEngineering Physics/bR. Mariappan aCoimbatorebR. K. Publishersc2018 bCoimbatoree641028a26, Rajeshswari Nagar, Nava India Road avarious pagesc25cm(pbk)bIncluding illustrations and tables.